| 000 | 00966naa a2200277 c 4500 | ||
|---|---|---|---|
| 001 | 40443 | ||
| 003 | ES-MaCES | ||
| 005 | 20100623113700.0 | ||
| 008 | 100623n2010 xxk t 000 | eng d | ||
| 035 | _aCES20100007816v | ||
| 040 |
_aES-MaCES _bspa _cES-MaCES |
||
| 100 | 1 |
_aMooney Nickel, Patricia _918959 |
|
| 245 | 1 | 0 |
_aPublic sociology for Human rights as rites of rule _cPatricia Mooney Nickel |
| 500 | _aResumen | ||
| 650 | 4 |
_aresponsabilidad del Estado _931208 |
|
| 650 | 4 |
_aacuerdo internacional _926683 |
|
| 650 | 4 |
_ainvestigación sociológica _927260 |
|
| 650 | 4 |
_aprivilegios e inmunidades _929903 |
|
| 650 | 4 |
_adeclaración _928950 |
|
| 650 | 4 |
_aderechos humanos _927171 |
|
| 653 | 1 | 0 | _aCiencias Sociales-Políticas |
| 773 | 0 |
_tCurrent sociology _gvol. 58, no. 3 (May 2010){10683 R. 076902}; p. 420-442 _w(ES-MaCES)25685 _968219 |
|
| 902 | _aART Artículo de revista | ||
| 942 |
_2CES _cAR _h7.0. |
||
| 999 |
_c40443 _d40443 |
||